Bratislavský topografický lexikon

Salvato in:
Dettagli Bibliografici
Autore principale: Horváth, Vladimír (Autore)
Natura: Libro
Lingua:slovacco
Pubblicazione: Bratislava : Tatran, 1990
Edizione:1. vyd.
Soggetti:
Tags: Aggiungi Tag
Nessun Tag, puoi essere il primo ad aggiungerne!!

MARC

LEADER 00000nam a22000003a 4500
001 stu11286
005 20150617225804.8
008 950322s1990----cs------------------slo-d
040 |a STU  |b slo 
041 0 |a slo 
044 |a cs 
100 1 |a Horváth, Vladimír  |4 aut 
245 1 |a Bratislavský topografický lexikon 
250 |a 1. vyd. 
260 |a Bratislava :  |b Tatran,  |c 1990 
300 |a 403 s 
650 7 |a Bratislava  |2 stusub 
996 |b 284AU02181  |c A*2053 U  |l AAKNST  |s P  |a 0  |w stu11286_0001